[Event "27th Rilton Cup"]
[Site "Stockholm SWE"]
[Date "1998.??.??"]
[Round "8.8"]
[White "Hector, Jonny"]
[Black "Bezold, Michael"]
[Result "0-1"]
[WhiteElo "2470"]
[BlackElo "2490"]
[EventDate "1997.12.??"]
[PlyCount "100"]

1.e4 c5 2.Nf3 e6 3.d4 cxd4 4.Nxd4 a6 5.Nc3 b5 6.Bd3 Qb6 7.Nb3 Qc7 8.O-O d6
9.Qe1 b4 10.Nd1 Nc6 11.a3 bxa3 12.Rxa3 Nf6 13.Bf4 Be7 14.Qc3 e5 15.Bg5 d5 
16.Bxf6 d4 17.Bxe5 dxc3 18.Bxc7 cxb2 19.Rxa6 Bxa6 20.Nxb2 O-O 21.Nd2 Rfc8 
22.Bf4 Nb4 23.Ndc4 Bc5 24.Be3 Bxe3 25.fxe3 Rc7 26.Ra1 Rb8 27.Ra4 Bc8 28.
Kf1 Bd7 29.Ra3 Be6 30.Ra4 g5 31.Ke1 Nxc2+ 32.Bxc2 Rxb2 33.Nxb2 Rxc2 34.Nd3
Rxg2 35.Ra5 h6 36.h4 gxh4 37.Rh5 Re2+ 38.Kxe2 Bg4+ 39.Kf2 Bxh5 40.Nf4 Bg4 
41.e5 Kg7 42.Ng2 h3 43.Nf4 h5 44.Kg3 Kh6 45.Nxh3 Bxh3 46.Kxh3 Kg5 47.Kg3 
h4+ 48.Kh2 Kg4 49.Kg2 h3+ 50.Kf2 h2 0-1

[Event "27th Rilton Cup"]
[Site "Stockholm SWE"]
[Date "1998.??.??"]
[Round "8.9"]
[White "Ornstein, Axel"]
[Black "Wedberg, Tom"]
[Result "1/2-1/2"]
[WhiteElo "2430"]
[BlackElo "2485"]
[EventDate "1997.12.??"]
[PlyCount "65"]

1.b4 e5 2.Bb2 Bxb4 3.Bxe5 Nf6 4.Nf3 O-O 5.e3 b6 6.Be2 Bb7 7.O-O d5 8.d3 
Nbd7 9.Bb2 Bd6 10.Nbd2 c5 11.c4 Re8 12.a4 a6 13.Re1 Bc7 14.Qb3 Rb8 15.Rad1
Bc6 16.Qc2 b5 17.axb5 axb5 18.cxb5 Bxb5 19.Ra1 Bd6 20.Bf1 Qc7 21.g3 Rec8 
22.e4 dxe4 23.dxe4 Bxf1 24.Kxf1 Ne5 25.Bxe5 Bxe5 26.Nxe5 Qxe5 27.Nc4 Qe6 
28.Kg2 Rd8 29.e5 Rd4 30.exf6 Rxc4 31.Rxe6 Rxc2 32.Rb6 Rd8 33.Rd1 1/2-1/2

[Event "27th Rilton Cup"]
[Site "Stockholm SWE"]
[Date "1998.??.??"]
[Round "8.13"]
[White "Hartman, Christer"]
[Black "Bator, Robert"]
[Result "1/2-1/2"]
[WhiteElo "2320"]
[BlackElo "2430"]
[EventDate "1997.12.??"]
[PlyCount "94"]

1.e4 c5 2.Nf3 d6 3.d4 cxd4 4.Nxd4 Nf6 5.Nc3 Nc6 6.Bg5 Bd7 7.Qd2 Rc8 8.
O-O-O Nxd4 9.Qxd4 Qa5 10.f4 Rxc3 11.bxc3 e5 12.Qc4 b5 13.Qb4 Qxb4 14.cxb4 
Nxe4 15.Bh4 g5 16.Bxg5 Nf2 17.Rd5 Nxh1 18.Rxb5 Bc6 19.Rb8+ Kd7 20.b5 Be4 
21.Rd8+ Kc7 22.Bf6 Rg8 23.Be7 Bxe7 24.Rxg8 exf4 25.Bd3 Bd5 26.Bxh7 Bxa2 
27.Kd2 Bd5 28.Ke2 Bf6 29.Bd3 Bd4 30.c4 Be6 31.Kf3 Nf2 32.Be2 Be3 33.g3 Nh3
34.gxf4 Bxf4 35.Bf1 Bxh2 36.Bxh3 Bxh3 37.Rh8 Be6 38.Rxh2 Bxc4 39.Rc2 d5 
40.Ke3 Kb6 41.Kd4 Kxb5 42.Rf2 a5 43.Rxf7 a4 44.Rb7+ Kc6 45.Ra7 Bb3 46.Ra5 
Kb6 47.Ra8 Kb7 1/2-1/2

[Event "27th Rilton Cup"]
[Site "Stockholm SWE"]
[Date "1998.??.??"]
[Round "8.14"]
[White "Eriksson, Johan"]
[Black "Ernst, Thomas"]
[Result "1-0"]
[WhiteElo "2315"]
[BlackElo "2410"]
[EventDate "1997.12.??"]
[PlyCount "59"]

1.d4 Nf6 2.c4 c5 3.d5 b5 4.cxb5 a6 5.b6 Qxb6 6.Nc3 d6 7.a4 g6 8.a5 Qb4 9.
Ra4 Qb7 10.e4 Bg7 11.Nf3 O-O 12.Be2 Ne8 13.O-O Nc7 14.Ra2 Bg4 15.Bg5 Re8 
16.Qd2 Nd7 17.Bh6 Bh8 18.Ng5 Bxe2 19.Qxe2 Nb5 20.Qg4 Ne5 21.Qh4 Nxc3 22.
bxc3 Qb3 23.Re2 Qxc3 24.Re3 Qd4 25.Nxh7 f6 26.Rh3 Kf7 27.Be3 Qa4 28.f4 Nc4
29.Ng5+ fxg5 30.fxg5+ 1-0

[Event "27th Rilton Cup"]
[Site "Stockholm SWE"]
[Date "1998.??.??"]
[Round "8.15"]
[White "Carlson, Mats"]
[Black "Kiik, Kalle"]
[Result "1/2-1/2"]
[WhiteElo "2305"]
[BlackElo "2410"]
[EventDate "1997.12.??"]
[PlyCount "96"]

1.Nf3 c5 2.g3 d5 3.Bg2 Nc6 4.d3 e6 5.Nbd2 Bd6 6.e4 Nge7 7.O-O O-O 8.Re1 
Qc7 9.h4 h6 10.c3 f5 11.Qe2 fxe4 12.dxe4 c4 13.Nd4 Bc5 14.N2f3 Qb6 15.Be3 
dxe4 16.Nxc6 Nxc6 17.Bxc5 Qxc5 18.Qxe4 e5 19.Rad1 Be6 20.Qe3 Qxe3 21.Rxe3 
Bg4 22.Rd5 e4 23.Ne5 Nxe5 24.Rxe5 Bf3 25.Bxf3 exf3 26.Re7 Rad8 27.Rxb7 
Rd1+ 28.Kh2 Rf1 29.Ree7 Rxf2+ 30.Kh3 Rf6 31.Rxg7+ Kh8 32.Rgc7 Kg8 33.Rb8+ 
Rf8 34.Rxf8+ Kxf8 35.Rxc4 Rxb2 36.Rf4+ Kg7 37.Rxf3 Rxa2 38.c4 Rc2 39.Ra3 
Rxc4 40.Rxa7+ Kg6 41.Ra6+ Kg7 42.Re6 Ra4 43.Kg2 Ra3 44.Kf2 h5 45.Re3 Ra6 
46.Re5 Kg6 47.Kf3 Rb6 48.Rg5+ Kh6 1/2-1/2

[Event "27th Rilton Cup"]
[Site "Stockholm SWE"]
[Date "1998.??.??"]
[Round "9.3"]
[White "Khenkin, Igor"]
[Black "Aakesson, Ralf"]
[Result "1/2-1/2"]
[WhiteElo "2550"]
[BlackElo "2520"]
[EventDate "1997.12.??"]
[PlyCount "21"]

1.d4 Nf6 2.c4 e6 3.Nf3 b6 4.a3 Bb7 5.Nc3 d5 6.Bg5 Be7 7.Qa4+ c6 8.Bxf6 
Bxf6 9.cxd5 exd5 10.g3 O-O 11.Bg2 1/2-1/2

[Event "27th Rilton Cup"]
[Site "Stockholm SWE"]
[Date "1998.??.??"]
[Round "9.6"]
[White "Bezold, Michael"]
[Black "Hellsten, Johan"]
[Result "1-0"]
[WhiteElo "2490"]
[BlackElo "2495"]
[EventDate "1997.12.??"]
[PlyCount "127"]

1.b3 d5 2.Bb2 Nf6 3.g3 c6 4.Bg2 Bf5 5.d3 e6 6.Nd2 Bc5 7.Ngf3 h6 8.O-O O-O 
9.Qb1 a5 10.a3 Qe7 11.Qa2 Nbd7 12.Rae1 Bh7 13.Qa1 Rfd8 14.Kh1 Qf8 15.h3 
Be7 16.Kh2 Ne8 17.e4 dxe4 18.dxe4 Nc5 19.Re2 Nf6 20.Ne5 Nfd7 21.Nec4 Bf6 
22.f4 Bxb2 23.Qxb2 b5 24.Ne3 Nf6 25.Ng4 Nxg4+ 26.hxg4 Rd7 27.Qc3 Rad8 28.
Rff2 Rd4 29.Qxa5 e5 30.f5 f6 31.Qc3 Kh8 32.Qe3 Qd6 33.b4 Na4 34.Nb3 Rd1 
35.Rd2 Rxd2 36.Rxd2 Qe7 37.Na5 Rxd2 38.Qxd2 Qc7 39.c4 Bg8 40.c5 Bf7 41.Bf3
Kg8 42.Bd1 Kf8 43.Kg2 Ke7 44.Kf2 Be8 45.Ke2 Bf7 46.Bxa4 bxa4 47.Qd1 g6 48.
Qxa4 gxf5 49.gxf5 Qd7 50.Qc2 Bh5+ 51.Ke1 Kf8 52.Qd2 Qg7 53.Qd8+ Be8 54.Kf2
Qf7 55.Qd2 Qh5 56.Kg2 Kg7 57.Nc4 Qg4 58.Qd3 Bf7 59.Nd6 Ba2 60.b5 Bb1 61.
Qc4 cxb5 62.Qf7+ Kh8 63.Qxf6+ Kh7 64.Qg6+ 1-0

[Event "27th Rilton Cup"]
[Site "Stockholm SWE"]
[Date "1998.??.??"]
[Round "9.9"]
[White "Degerman, Lars"]
[Black "Hermansson, Emil"]
[Result "1-0"]
[WhiteElo "2485"]
[BlackElo "2275"]
[EventDate "1997.12.??"]
[PlyCount "173"]

1.Nf3 Nf6 2.c4 g6 3.Nc3 Bg7 4.e4 d6 5.d4 O-O 6.Be3 e5 7.dxe5 dxe5 8.Qxd8 
Rxd8 9.Nd5 Nxd5 10.cxd5 c6 11.Bc4 b5 12.Bb3 Bb7 13.Rc1 a5 14.a3 a4 15.Ba2 
b4 16.axb4 Na6 17.dxc6 Bxc6 18.Rxc6 Nxb4 19.Bd5 Nxc6 20.Bxc6 Rab8 21.Bxa4 
Rxb2 22.O-O Rdb8 23.Nd2 f5 24.g3 f4 25.gxf4 Bh6 26.Nc4 R2b4 27.Bc6 Bxf4 
28.Bd5+ Kg7 29.Bxf4 exf4 30.Kg2 Rb1 31.Rxb1 Rxb1 32.Kf3 Rh1 33.Kxf4 Rxh2 
34.Kg3 Rh1 35.e5 Rg1+ 36.Bg2 g5 37.Ne3 Re1 38.Kg4 Re2 39.Kxg5 h6+ 40.Kg4 
Rxf2 41.Be4 Kf7 42.Bf5 Re2 43.Kf3 Re1 44.Kf2 Ra1 45.Nd5 Ra6 46.Ke3 Rc6 47.
Bd7 Ra6 48.Kf4 Rg6 49.Ke4 Rg8 50.e6+ Kg7 51.Ke5 Rb8 52.Kd6 h5 53.e7 Kf7 
54.Be6+ Kg6 55.Kd7 Kg5 56.e8=Q Rxe8 57.Kxe8 Kh4 58.Nf6 Kg3 59.Nxh5+ Kf3 
60.Ke7 Ke4 61.Kd6 Kd4 62.Nf6 Ke3 63.Ke5 Kd3 64.Bd5 Kc3 65.Ke4 Kd2 66.Kd4 
Kc2 67.Ne4 Kb2 68.Kd3 Kc1 69.Kc3 Kd1 70.Bc4 Ke1 71.Kd3 Kd1 72.Be6 Kc1 73.
Kc3 Kd1 74.Bg4+ Kc1 75.Nc5 Kb1 76.Nb3 Ka2 77.Bf5 Ka3 78.Bb1 Ka4 79.Nd4 Ka5
80.Kc4 Kb6 81.Nb5 Ka5 82.Kc5 Ka4 83.Bc2+ Ka5 84.Bb3 Ka6 85.Nd6 Ka7 86.Kc6 
Ka6 87.Nb7 1-0

[Event "27th Rilton Cup"]
[Site "Stockholm SWE"]
[Date "1998.??.??"]
[Round "9.10"]
[White "Nouro, Mikael"]
[Black "Brynell, Stellan"]
[Result "0-1"]
[WhiteElo "2315"]
[BlackElo "2465"]
[EventDate "1997.12.??"]
[PlyCount "140"]

1.e4 e6 2.d4 d5 3.Nd2 Nf6 4.e5 Nfd7 5.c3 c5 6.Bd3 Nc6 7.Ngf3 g6 8.O-O Bg7 
9.Re1 O-O 10.Nf1 cxd4 11.cxd4 Qb6 12.Bc2 f6 13.exf6 Nxf6 14.Ba4 Ne4 15.
Bxc6 bxc6 16.Ng3 e5 17.Be3 Bg4 18.dxe5 Qc7 19.Nxe4 dxe4 20.Qb3+ Kh8 21.Ng5
Bxe5 22.h3 Bf5 23.Bc5 Rfe8 24.Nf7+ Kg7 25.Nxe5 Qxe5 26.Qe3 Rad8 27.Bb4 Kg8
28.Bc3 Qe7 29.Rad1 g5 30.Rxd8 Rxd8 31.f3 h6 32.fxe4 Be6 33.Qf2 Rd7 34.b3 
Qf8 35.Qe2 Qc5+ 36.Qe3 Qxe3+ 37.Rxe3 g4 38.hxg4 Bxg4 39.Kf2 Kf7 40.Kg3 h5 
41.Bb4 Rd4 42.a3 a6 43.Kf4 Ke6 44.Rc3 Kd7 45.Ke5 Rd1 46.g3 Be2 47.Rc2 Bf3 
48.Bd2 Bg4 49.Bf4 Bf3 50.Rc3 Bg2 51.Kf5 Rd4 52.e5 Bd5 53.Kg5 Bf7 54.b4 Rd1
55.Rc5 Rh1 56.Rc2 Bd5 57.Kf6 h4 58.Rd2 h3 59.e6+ Ke8 60.Rf2 Re1 61.Be5 Bg2
62.Bc7 h2 63.Rd2 Rf1+ 64.Ke5 h1=Q 65.Rd8+ Ke7 66.Rd7+ Kf8 67.Bd6+ Kg8 68.
Rd8+ Kg7 69.e7 Qh5+ 70.Kd4 Qd5+ 0-1

[Event "27th Rilton Cup"]
[Site "Stockholm SWE"]
[Date "1998.??.??"]
[Round "9.13"]
[White "Manninen, Marko"]
[Black "Hector, Jonny"]
[Result "1/2-1/2"]
[WhiteElo "2365"]
[BlackElo "2470"]
[EventDate "1997.12.??"]
[PlyCount "84"]

1.d4 d5 2.c4 e6 3.Nc3 c5 4.e3 Nf6 5.Nf3 a6 6.dxc5 Bxc5 7.a3 O-O 8.b4 Bd6 
9.Bb2 Nc6 10.Rc1 h6 11.Be2 dxc4 12.Bxc4 Qe7 13.O-O Rd8 14.Qc2 Bd7 15.Ne4 
Nxe4 16.Qxe4 Rf8 17.Rfd1 Rad8 18.Nh4 Bb8 19.g3 Bc8 20.Bb3 Rxd1+ 21.Rxd1 
Rd8 22.Rxd8+ Qxd8 23.Nf3 Bd7 24.Bc2 f5 25.Qc4 Qf8 26.Qd3 Qe8 27.e4 Ba7 28.
Bc1 Qf7 29.Be3 Bxe3 30.Qxe3 Qf6 31.e5 Qd8 32.Qd2 Qc7 33.Bb3 Kf7 34.Qf4 Ne7
35.Nd4 Qc3 36.h4 Qa1+ 37.Kh2 Qxa3 38.Nxf5 Nxf5 39.Qxf5+ Ke7 40.Qg4 Qxb3 
41.Qxg7+ Kd8 42.Qf8+ Kc7 1/2-1/2

[Event "27th Rilton Cup"]
[Site "Stockholm SWE"]
[Date "1998.??.??"]
[Round "9.15"]
[White "Laveryd, Peter"]
[Black "Trygstad, Kristian"]
[Result "1-0"]
[WhiteElo "2440"]
[BlackElo "2160"]
[EventDate "1997.12.??"]
[PlyCount "59"]

1.e4 c5 2.Nc3 Nc6 3.f4 g6 4.Nf3 Bg7 5.Bc4 e6 6.f5 Nge7 7.fxe6 fxe6 8.d3 d5
9.Bb3 b5 10.O-O c4 11.dxc4 Qb6+ 12.c5 Qxc5+ 13.Kh1 b4 14.Na4 Qa5 15.Ng5 
Nd8 16.Be3 h6 17.Nh3 dxe4 18.Nc5 Nf5 19.Ba4+ Kf8 20.g4 Nb7 21.gxf5 Nxc5 
22.Bxc5+ Qxc5 23.Qd8+ Kf7 24.fxe6+ Kxe6 25.Nf4+ Kf5 26.Bd7+ Ke5 27.Nxg6+ 
Kd6 28.Qe7+ Kd5 29.Rad1+ Bd4 30.Qe6# 1-0

[Event "27th Rilton Cup"]
[Site "Stockholm SWE"]
[Date "1998.??.??"]
[Round "9.16"]
[White "Bator, Robert"]
[Black "Sandstroem, Ludvig"]
[Result "1-0"]
[WhiteElo "2430"]
[BlackElo "2335"]
[EventDate "1997.12.??"]
[PlyCount "68"]

1.d4 Nf6 2.Nf3 g6 3.g3 Bg7 4.Bg2 O-O 5.c4 c5 6.O-O Nc6 7.Nc3 cxd4 8.Nxd4 
Ng4 9.e3 d6 10.b3 a6 11.Bb2 Nxd4 12.exd4 Rb8 13.a4 Nh6 14.a5 Nf5 15.Nd5 b5
16.axb6 e6 17.Ne3 Nxe3 18.fxe3 Qxb6 19.Ra3 h5 20.Bc3 Bh6 21.Qd3 Qd8 22.d5 
Qg5 23.Bd2 e5 24.b4 h4 25.gxh4 Qxh4 26.c5 dxc5 27.bxc5 Bh3 28.Bxh3 Qxh3 
29.d6 Rb5 30.d7 Rd8 31.c6 e4 32.Qe2 Rg5+ 33.Kh1 Rf8 34.Bb4 Rd8 1-0

[Event "27th Rilton Cup"]
[Site "Stockholm SWE"]
[Date "1998.??.??"]
[Round "9.18"]
[White "Kiik, Kalle"]
[Black "Hartman, Christer"]
[Result "1-0"]
[WhiteElo "2410"]
[BlackElo "2320"]
[EventDate "1997.12.??"]
[PlyCount "101"]

1.e4 e5 2.Nf3 Nc6 3.Nc3 Nf6 4.g3 Bb4 5.Bg2 O-O 6.O-O Re8 7.d3 d5 8.Nxd5 
Nxd5 9.exd5 Qxd5 10.Ng5 Qd7 11.h3 h6 12.Ne4 f5 13.Nc3 Qf7 14.Nd5 Bd6 15.f4
Be6 16.c4 Nd4 17.fxe5 Bxe5 18.Bf4 Bxf4 19.Rxf4 g5 20.Rxd4 c5 21.Rf4 gxf4 
22.Nxf4 Kh8 23.Kh2 Rad8 24.Qf3 Bc8 25.Rb1 a5 26.a3 Qg7 27.h4 Rd6 28.b3 Qe5
29.b4 cxb4 30.axb4 a4 31.c5 Rf6 32.Qf2 Kh7 33.d4 Qb8 34.b5 Rf7 35.Ra1 b6 
36.Rxa4 bxc5 37.Bc6 Bb7 38.Bxe8 Qxe8 39.dxc5 Qxb5 40.Ra1 Be4 41.Rc1 Rd7 
42.Kh3 Qb4 43.c6 Rd2 44.Qa7+ Kg8 45.c7 Rh2+ 46.Kxh2 Qd2+ 47.Kg1 Qxc1+ 48.
Kf2 Qc3 49.Qb8+ Kf7 50.c8=Q Qf3+ 51.Ke1 1-0